Missing Word: 'N' Authors Quiz Stats

 Plays Quiz Updated Dec 2, 2016

Support Sporcle.
Go Orange.
Score 0/16 Timer 02:00
0 Plays Today
Author Answer % Correct
_____ HawthorneNathaniel
84.1%
_____ MailerNorman
76.1%
_____ SparksNicholas
75.4%
Vladimir _____Nabokov
69.9%
Ogden _____Nash
61.9%
_____ ChomskyNoam
60.8%
_____ GaimanNeil
58.4%
Pablo _____Neruda
51.9%
Author Answer % Correct
Anaïs _____Nin
49.3%
Zora _____ HurstonNeale
43.4%
Friedrich _____Nietzsche
40.4%
_____ GogolNikolai
25.4%
V.S. _____Naipaul
21.6%
Larry _____Niven
19.4%
Edith _____Nesbit
17.3%
David _____Nicholls
8%

Today's Daily Dose

You're not logged in!

Compare scores with friends on all Sporcle quizzes.
OR
Log In

From the Vault

Well-Known Literature (A-Z)

by uropoffice

These are the books that get to sit at the popular table.
Remove Ads.
Support Sporcle.
Get the best of Sporcle when you Go Orange. This ad-free experience offers more features, more stats, and more fun while also helping to support Sporcle. Thank you for becoming a member.

Show Comments

Extras

Top Quizzes Today


Score Distribution

Your Account Isn't Verified!

In order to create a playlist on Sporcle, you need to verify the email address you used during registration. Go to your Sporcle Settings to finish the process.

Report this User

Report this user for behavior that violates our Community Guidelines.

Details: